Düşündüm, inandım, yazdım: hayata yön veren düşünceler (Record no. 8404)

000 -LEADER
fixed length control field 00907nmm a2200265 a 4500
001 - CONTROL NUMBER
control field ocm000651478
003 - CONTROL NUMBER IDENTIFIER
control field TR-IsHL
005 - DATE AND TIME OF LATEST TRANSACTION
control field 20201028142530.0
008 - FIXED-LENGTH DATA ELEMENTS--GENERAL INFORMATION
fixed length control field 140104s2004 tu tur
007 - PHYSICAL DESCRIPTION FIXED FIELD--GENERAL INFORMATION
fixed length control field cr cn
020 ## - INTERNATIONAL STANDARD BOOK NUMBER
International Standard Book Number 9789756587225
035 ## - SYSTEM CONTROL NUMBER
System control number 651478
-- (N$T)
050 04 - LIBRARY OF CONGRESS CALL NUMBER
Classification number PL248.O86
Item number D8 2004
090 04 - LOCALLY ASSIGNED LC-TYPE CALL NUMBER (OCLC); LOCAL CALL NUMBER (RLIN)
Classification number (OCLC) (R) ; Classification number, CALL (RLIN) (NR) PL248.O86
Local cutter number (OCLC) ; Book number/undivided call number, CALL (RLIN) D8 2004
100 1# - MAIN ENTRY--PERSONAL NAME
Personal name Osmanoğlu, Eyüp Sabri
245 10 - TITLE STATEMENT
Title Düşündüm, inandım, yazdım: hayata yön veren düşünceler
Medium [electronic resource] /
Statement of responsibility, etc. Eyüp Sabri Osmanoğlu
260 ## - PUBLICATION, DISTRIBUTION, ETC.
Place of publication, distribution, etc. İstanbul :
Name of publisher, distributor, etc. İstanbul Dağıtım,
Date of publication, distribution, etc. 2004
300 ## - PHYSICAL DESCRIPTION
Extent 344 p.
650 #4 - SUBJECT ADDED ENTRY--TOPICAL TERM
Topical term or geographic name entry element Felsefe, Psikoloji ve Din
650 #4 - SUBJECT ADDED ENTRY--TOPICAL TERM
Topical term or geographic name entry element Philosophy, Psychology and Religion
650 #0 - SUBJECT ADDED ENTRY--TOPICAL TERM
Topical term or geographic name entry element Türk denemesi
650 #0 - SUBJECT ADDED ENTRY--TOPICAL TERM
Topical term or geographic name entry element Turkish essay
650 #7 - SUBJECT ADDED ENTRY--TOPICAL TERM
Topical term or geographic name entry element LITERARY COLLECTIONS / Middle Eastern
Source of heading or term bisacsh
856 40 - ELECTRONIC LOCATION AND ACCESS
Uniform Resource Identifier <a href="http://search.ebscohost.com/login.aspx?direct=true&scope=site&db=e011xww&AN=651478">http://search.ebscohost.com/login.aspx?direct=true&scope=site&db=e011xww&AN=651478</a>
Holdings
Withdrawn status Lost status Source of classification or shelving scheme Damaged status Not for loan Collection code Permanent Location Current Location Date acquired Total Checkouts Full call number Barcode Date last seen Price effective from Koha item type
        Online   Kıbrıs Amerikan Üniversitesi Kütüphanesi / American University of Cyprus Kıbrıs Amerikan Üniversitesi Kütüphanesi / American University of Cyprus 28.10.2020   PL248.O86 D8 2004 651478 28.10.2020 28.10.2020 E-Kitap
Devinim Yazılım Eğitim Danışmanlık tarafından Koha'nın orjinal sürümü uyarlanarak geliştirilip kurulmuştur.